| 000 | 00585nam a22001817a 4500 | ||
|---|---|---|---|
| 003 | NUST | ||
| 005 | 20240828104852.0 | ||
| 020 | _a9781260570793 | ||
| 082 | _a621.31924,ALE | ||
| 100 |
_aAlexander, Charles K _983822 |
||
| 245 |
_aFundamentals of electric circuits / _cCharles K. Alexander, Matthew N. O. Sadiku |
||
| 250 | _a7th Edition | ||
| 260 |
_aIndia _bMcGraw Hill _c2021 |
||
| 300 | _a943 p | ||
| 505 | _aPart.1 DC Circuits (Page-2), Part.2 Ac Circuits (Page-366), Part-3 Advanced Circuit Analysis (Page-672). | ||
| 650 |
_aElectric Circuits _910997 |
||
| 942 |
_2ddc _cREF |
||
| 999 |
_c611155 _d611155 |
||